Statistics for TV Shows Fill-In the Blanks

Click here to take the quiz!

General Stats

  • This quiz has been taken 2,266 times
  • The average score is 17 of 28

Answer Stats

Show% Correct
The {Big} {Bang} Theory
94%
Wheel of {Fortune}
92%
Hell's {Kitchen}
91%
{Dora} the Explorer
89%
The {Brady} Bunch
87%
That {70's} Show
85%
Parks and {Recreation}
81%
{60} Minutes
79%
Wizards of {Waverly} Place
76%
{Arrested} Development
73%
I Love {Lucy}
73%
{Myth}busters
67%
{True} Blood
65%
Project {Runway}
63%
The {Amazing} Race
63%
Home {Improvement}
61%
{Sesame} Street
60%
Pawn {Stars}
59%
Man vs. {Food}
52%
{Bay}watch
48%
Man vs. {Wild}
47%
{Deadliest} Catch
41%
{Gilligan's} Island
41%
i{Carly}
40%
{Iron} Chef America
40%
House {Hunters}
26%
Hard{ball}
10%
No {Reservations}
6%

Score Distribution

Percentile by Number Answered

Percent of People with Each Score

Your Score History

You have not taken this quiz